Computer Vision A Modern Approach (Record no. 20602)

MARC details
000 -LEADER
fixed length control field 00354nam a22001457a 4500
008 - FIXED-LENGTH DATA ELEMENTS--GENERAL INFORMATION
fixed length control field 240312b |||||||| |||| 00| 0 eng d
020 ## - INTERNATIONAL STANDARD BOOK NUMBER
ISBN 9789332550117
100 ## - MAIN ENTRY--AUTHOR NAME
Personal name D. A. Forsyth & J. Ponce
245 ## - TITLE STATEMENT
Title Computer Vision A Modern Approach
250 ## - EDITION STATEMENT
Edition statement 2nd Ed.
260 ## - PUBLICATION, DISTRIBUTION, ETC. (IMPRINT)
Place of publication Noida
Name of publisher Pearson
Year of publication 2024
300 ## - PHYSICAL DESCRIPTION
Number of Pages 791
650 ## - SUBJECT ADDED ENTRY--TOPICAL TERM
Topical Term CSE
942 ## - ADDED ENTRY ELEMENTS (KOHA)
Source of classification or shelving scheme Dewey Decimal Classification
Koha item type Books
Holdings
Accession Number Bill Date Source of acquisition Price effective from Koha item type Withdrawn / writtenoff status Damaged status Not for loan Permanent Location Current Location Shelving location Date acquired Lost/ Missing status department
BE 24802 5-3-2024 Radha Krishna Anand & Co, Jammu 03/12/2024 Books       MIET Library, Jammu MIET Library, Jammu 197/3 03/05/2024   BE
BE 24803 5-3-2024 Radha Krishna Anand & Co, Jammu 03/12/2024 Books       MIET Library, Jammu MIET Library, Jammu 197/3 03/05/2024   BE
BE 24804 5-3-2024 Radha Krishna Anand & Co, Jammu 03/12/2024 Books       MIET Library, Jammu MIET Library, Jammu 197/3 03/05/2024   BE
BE 24805 5-3-2024 Radha Krishna Anand & Co, Jammu 03/12/2024 Books       MIET Library, Jammu MIET Library, Jammu 197/3 03/05/2024   BE
BE 24806 5-3-2024 Radha Krishna Anand & Co, Jammu 03/12/2024 Books       MIET Library, Jammu MIET Library, Jammu 197/3 03/05/2024   BE